|
|
|
|
| LEADER |
00000cam a2200000 a 4500 |
| 001 |
vtls011909858 |
| 003 |
SK-MaSNL |
| 005 |
20260301052458.0 |
| 008 |
251001s1958 xo oabcf p 000 0 ukr |
| 015 |
|
|
|a SNBA1958
|
| 020 |
|
|
|q (viazané)
|
| 035 |
|
|
|a urn:nbn:sk:snk-am3i8fl
|
| 035 |
|
|
|a urn:nbn:sk:snk-am00dxc3
|
| 035 |
|
|
|a A5558759-1F14-4E02-9FDF-59F33B9721B6
|
| 035 |
|
|
|a urn:nbn:sk:snk-am00dxct
|
| 035 |
|
|
|a D50647AD-BA83-490A-9FB3-EA98BFB23F4C
|
| 040 |
|
|
|a SNK
|b slo
|c SNK
|e AACR2
|
| 041 |
1 |
|
|a ukr
|h slo
|
| 044 |
|
|
|a xo
|c SK
|
| 072 |
|
7 |
|a 93/94
|x Dejiny (všeobecne)
|2 konspekt
|
| 072 |
|
7 |
|a 37.016
|x Učebné osnovy. Vyučovacie predmety. Učebnice
|2 konspekt
|
| 080 |
|
|
|a 93/94
|2 2011
|
| 080 |
|
|
|a (075.2)
|2 2011
|
| 240 |
1 |
0 |
|a Dejepis pre 7. ročník všeobecnovzdelávacích škôl
|l Ukrajinsky
|
| 245 |
0 |
0 |
|a Istorija
|b posibnyk dlja 7 klasu zahaľnoosvitnoji školy
|c [avtori I- IV glavi: J. Šlajer, V. Tir, V. Vrabec, V. Žáček ; V-VIII glav: A. Šosik, E. Stračár ; iz slovackoj movi pereklali: S. Jaroševskij, O. Žilinskij]
|
| 250 |
|
|
|a 2. vyd.
|
| 260 |
|
|
|a Bratislava
|b Slovenské pedagogické nakladateľstvo
|c 1958
|
| 300 |
|
|
|a 204 strán, [32] strán obrazových príloh
|b fotografie, ilustrácie, mapy, portréty
|c 21 cm
|e 2 voľné prílohy (32 strán)
|
| 366 |
|
|
|e 2300 kusov
|
| 500 |
|
|
|a Tiráž slovensky
|
| 500 |
|
|
|a Preložené zo slovenčiny
|
| 650 |
0 |
7 |
|a dejepis
|2 SNKPH
|9 4288
|
| 655 |
|
7 |
|a učebnice základných škôl
|2 SNKPH
|9 70187
|
| 700 |
1 |
|
|a Šlajer, Jaroslav,
|d 1920-1975
|4 aut
|9 190108
|
| 700 |
1 |
|
|a Jaroševskij, V. S.
|4 trl
|9 361368
|
| 700 |
1 |
|
|a Žilinskij, O.
|4 trl
|9 361369
|
| 700 |
1 |
|
|a Tir, V.
|4 aut
|9 361370
|
| 700 |
1 |
|
|a Vrabec, V.
|4 aut
|9 361371
|
| 700 |
1 |
|
|a Žáček, V.
|4 trl
|9 361372
|
| 700 |
1 |
|
|a Šosik, A.
|4 aut
|9 361373
|
| 700 |
1 |
|
|a Stračár, Emil,
|d 1923-1981
|4 aut
|9 192833
|
| 852 |
|
|
|a Slovenská národná knižnica
|
| 954 |
|
|
|a odborná, vedecká literatúra pôvodná (slovenská)
|2 lita
|
| 958 |
|
|
|a EUIPO
|
| 958 |
|
|
|a OND
|
| 958 |
|
|
|a TL
|
| 958 |
|
|
|a OP
|
| 958 |
|
|
|a SP
|
| 958 |
|
|
|a UA
|
| 958 |
|
|
|a DB
|
| 958 |
|
|
|a RK
|
| 999 |
|
|
|c 606002
|d 607932
|
| 952 |
|
|
|a SNK
|b SNK
|y PREZ
|7 0
|p 17A0825425
|o snkSC 12442
|i snkKSP 4407/58
|z 2 voľné prílohy
|0 0
|1 0
|4 0
|d 2020-01-09
|f 1
|l 0
|r 2025-07-16 00:00:00
|w 2026-02-23
|
| 952 |
|
|
|a SNK
|b SNK
|y PREZ
|7 0
|p 17A1413543
|o snkSC 12442/príl.
|i snkKSP 4407/58
|z príloha
|0 0
|1 0
|4 0
|d 2020-01-22
|f 1
|l 0
|r 2025-07-16 00:00:00
|w 2026-02-23
|